000 00260nam a22000977a 4500
100 _aKhan Muhammad
_a01EL06
245 _atechanical study of protection scheme of bin qasim power station karachi
260 _aNawabshah
_bQUEST
_c2010
300 _a89
942 _cBK
999 _c57367
_d57364